[Event "Junior Online 4NCL Division 3"]
[Site "online"]
[Date "2020.05.28"]
[Round "7.54"]
[White "Goldsmith, Max"]
[Black "Griffin-Young, Sebastian"]
[Result "1-0"]
[WhiteElo "1405"]
[BlackElo "1420"]
[PlyCount "179"]
[EventDate "2020.05.28"]
[WhiteTeam "Cheshire8Z"]
[BlackTeam "Robin Hoods 1"]

1. e4 e5 2. Nf3 Nf6 3. Nxe5 d6 4. Nf3 Nxe4 5. Qe2 Qe7 6. d3 Nf6 7. Qxe7+ Bxe7
8. Nc3 O-O 9. Bg5 Be6 10. O-O-O Nbd7 11. Ne4 Bxa2 12. Nxf6+ Nxf6 13. b3 Bxb3
14. cxb3 h6 15. Bh4 Rfe8 16. Re1 Ng4 17. Rxe7 Rxe7 18. Bxe7 Nxf2 19. Rg1 Re8
20. Bh4 Ng4 21. h3 Ne3 22. Bf2 a5 23. Bxe3 Rxe3 24. d4 Rxb3 25. Bc4 Rc3+ 26.
Kb2 Rxc4 27. Re1 Rb4+ 28. Ka3 c5 29. dxc5 dxc5 30. Re8+ Kh7 31. Re7 f5 32. Rf7
Kg6 33. Rd7 b5 34. Rd6+ Kh5 35. Rd5 Ra4+ 36. Kb3 c4+ 37. Kc3 Rb4 38. Rxf5+ Kg6
39. Nd4 Ra4 40. Rxb5 Ra3+ 41. Kxc4 Ra4+ 42. Kc5 Kf6 43. Rb6+ Ke5 44. Nc6+ Kf5
45. Rb5 Kf4 46. Nxa5 Re4 47. Rb3 Re5+ 48. Kb6 Re3 49. Rb4+ Re4 50. Rb1 Re2 51.
Rf1+ Kg3 52. Rf7 g5 53. Rh7 Rxg2 54. Rxh6 Rh2 55. Rg6 Kxh3 56. Rxg5 Rb2+ 57.
Ka6 Rg2 58. Rh5+ Kg3 59. Rg5+ Kf3 60. Rf5+ Kg3 61. Nc4 Rf2 62. Rg5+ Kf3 63.
Rf5+ Kg3 64. Rg5+ Kf3 65. Ne5+ Ke3 66. Ng4+ Kf3 67. Nxf2 Kxf2 68. Re5 Kf3 69.
Kb6 Kf4 70. Re6 Kf5 71. Re2 Kf4 72. Kc5 Kf3 73. Re5 Kf4 74. Kd6 Kf3 75. Kd5 Kf4
76. Kd4 Kf3 77. Re4 Kf2 78. Re3 Kg2 79. Ke4 Kf2 80. Kf4 Kg2 81. Rf3 Kh2 82. Rg3
Kh1 83. Kf3 Kh2 84. Kg4 Kh1 85. Ra3 Kg1 86. Ra2 Kf1 87. Kf3 Kg1 88. Rb2 Kh1 89.
Kg3 Kg1 90. Rb1# 1-0

[Event "Junior Online 4NCL Division 3"]
[Site "online"]
[Date "2020.05.28"]
[Round "7.55"]
[White "Surapaneni, Rahul"]
[Black "Hurst, Joseph"]
[Result "0-1"]
[WhiteElo "1442"]
[BlackElo "1645"]
[PlyCount "58"]
[EventDate "2020.05.28"]
[WhiteTeam "Cheshire8Z"]
[BlackTeam "Robin Hoods 1"]

1. g3 Nf6 2. Bg2 g6 3. e4 d6 4. d4 Bg7 5. Nc3 O-O 6. Nf3 Nc6 7. O-O e5 8. d5
Ne7 9. Be3 Nd7 10. Ne2 a5 11. c4 b6 12. b3 f5 13. exf5 gxf5 14. Ng5 Nc5 15.
Bxc5 bxc5 16. Nc3 Ng6 17. Bh3 Qxg5 18. Nb5 Rf7 19. Bg2 f4 20. h4 Qf6 21. h5 Ne7
22. Nxc7 Ra7 23. Nb5 Rb7 24. g4 Bd7 25. g5 Qxg5 26. Nxd6 f3 27. Qxf3 Rxf3 28.
Nxb7 Bh3 29. d6 Qxg2# 0-1

[Event "Junior Online 4NCL Division 3"]
[Site "online"]
[Date "2020.05.28"]
[Round "7.56"]
[White "Stapleton, Dean"]
[Black "Crook, Ethan"]
[Result "1-0"]
[WhiteElo "1457"]
[BlackElo "1405"]
[PlyCount "81"]
[EventDate "2020.05.28"]
[WhiteTeam "Robin Hoods 1"]
[BlackTeam "Cheshire8Z"]

1. d4 e5 2. Nc3 exd4 3. Qxd4 Nc6 4. Qd1 Nf6 5. Bf4 d6 6. Qd2 h6 7. h4 Bf5 8.
O-O-O Nb4 9. e4 Be6 10. Nf3 Nxa2+ 11. Nxa2 Bxa2 12. Qe3 Ng4 13. Qe2 Qe7 14. Nd2
Be6 15. f3 Nf6 16. e5 dxe5 17. Bxe5 c6 18. f4 Bg4 19. Nf3 Nd7 20. Re1 Nxe5 21.
Qxe5 Bxf3 22. gxf3 Qxe5 23. Rxe5+ Be7 24. Bh3 f6 25. Re4 Kf7 26. Be6+ Kf8 27.
Rhe1 Bd6 28. Ba2 g6 29. Re6 Bxf4+ 30. Kb1 Kg7 31. Re7+ Kf8 32. Rf7+ Kg8 33.
Rxf6+ Kg7 34. Rxf4 Raf8 35. Re7+ Rf7 36. Rfxf7+ Kg8 37. Rg7+ Kf8 38. Rgf7+ Kg8
39. Rg7+ Kf8 40. Rxb7 Ke8 41. Rb8# 1-0

[Event "Junior Online 4NCL Division 3"]
[Site "online"]
[Date "2020.05.28"]
[Round "7.57"]
[White "Sajid, Aryan"]
[Black "Tomsett, Jonah"]
[Result "1/2-1/2"]
[WhiteElo "1405"]
[BlackElo "1382"]
[PlyCount "65"]
[EventDate "2020.05.28"]
[WhiteTeam "Cheshire8Z"]
[BlackTeam "Robin Hoods 1"]

1. e4 e5 2. Nf3 Nc6 3. d4 exd4 4. Bc4 Bc5 5. c3 dxc3 6. Bxf7+ Kxf7 7. Qd5+ Ke8
8. Qxc5 Qe7 9. Qxc3 Nf6 10. O-O Nxe4 11. Qc2 Nd4 12. Nxd4 d5 13. Re1 Qf6 14.
Nf3 Bg4 15. Nbd2 Bxf3 16. Nxf3 Rf8 17. Qxc7 Rf7 18. Qc2 Qb6 19. Bg5 Rc7 20. Qe2
Rac8 21. Be3 Qg6 22. Bxa7 Rc2 23. Qd1 Rxf2 24. Bxf2 Kf7 25. Qxd5+ Qe6 26. Qxe6+
Kxe6 27. Rxe4+ Kf5 28. Re7 Kf6 29. Rxb7 h6 30. Bd4+ Kg6 31. Rxg7+ Kh5 32. a4
Rc1+ 33. Rxc1 1/2-1/2

[Event "Junior Online 4NCL Division 3"]
[Site "online"]
[Date "2020.05.28"]
[Round "7.58"]
[White "Griffin-Young, Sebastian"]
[Black "Goldsmith, Max"]
[Result "1-0"]
[WhiteElo "1420"]
[BlackElo "1405"]
[PlyCount "109"]
[EventDate "2020.05.28"]
[WhiteTeam "Robin Hoods 1"]
[BlackTeam "Cheshire8Z"]

1. d4 d5 2. Bf4 Nc6 3. Nf3 Nf6 4. Nbd2 Bf5 5. e3 a6 6. Be2 e6 7. O-O Bd6 8. Ne5
Nxe5 9. dxe5 Bxe5 10. Bxe5 O-O 11. Bf3 Ne4 12. c4 Nxd2 13. Qxd2 dxc4 14. Qxd8
Raxd8 15. Bxb7 Rd2 16. Bxc7 Rxb2 17. Bxa6 Ra8 18. Bxc4 Rc2 19. Rfc1 Rxc1+ 20.
Rxc1 Rc8 21. Bg3 Bd3 22. Rc3 Bxc4 23. f4 Ba6 24. Rxc8+ Bxc8 25. Kf2 Ba6 26. Kf3
Bc4 27. a4 h5 28. Ke4 Bd5+ 29. Kd4 Bxg2 30. a5 Bb7 31. Kc5 Kh7 32. Kb6 Be4 33.
a6 Kh6 34. a7 g5 35. fxg5+ Kxg5 36. Kc7 f5 37. Kb8 h4 38. Bf2 f4 39. exf4+ Kxf4
40. a8=Q Bxa8 41. Kxa8 Kg4 42. Bc5 Kh3 43. Bd6 e5 44. Bxe5 Kg2 45. Kb7 h3 46.
Kc6 Kf3 47. Kd6 Kg4 48. Kd5 Kh4 49. Ke4 Kg4 50. Ke3 Kf5 51. Bb8 Kg4 52. Kf2 Kh4
53. Kf3 Kg5 54. Kg3 Kh5 55. Kxh3 1-0

[Event "Junior Online 4NCL Division 3"]
[Site "online"]
[Date "2020.05.28"]
[Round "7.61"]
[White "Shaporenkov, Robert"]
[Black "Kukreja, Karan"]
[Result "0-1"]
[WhiteElo "1427"]
[BlackElo "1540"]
[PlyCount "74"]
[EventDate "2020.05.28"]
[WhiteTeam "St Albans Early Knights 2"]
[BlackTeam "Warwickshire Bears B"]

1. d4 Nf6 2. Bf4 g6 3. e4 Bg7 4. Nc3 d6 5. Nf3 Nbd7 6. Bc4 O-O 7. O-O Nh5 8.
Be3 e5 9. Qd2 Re8 10. Rfe1 Nb6 11. Bb3 Bg4 12. Rad1 Bxf3 13. gxf3 Qe7 14. Kf1
Qh4 15. Ke2 exd4 16. Bxd4 Nf4+ 17. Ke3 Qh6 18. Bxg7 Kxg7 19. Qd4+ Kg8 20. Rg1
Ne6+ 21. f4 Qxf4+ 22. Kd3 Nxd4 23. Kxd4 Qxf2+ 24. Kd3 Qxh2 25. Rdf1 Re7 26. Rh1
Qe5 27. Rh2 Qxh2 28. Re1 Qg3+ 29. Re3 Qe5 30. Nd5 Nxd5 31. Bxd5 c6 32. Bxf7+
Kxf7 33. Rf3+ Kg7 34. c4 Qxe4+ 35. Kd2 Qxf3 36. Kc2 Re2+ 37. Kd1 Qf1# 0-1

[Event "Junior Online 4NCL Division 3"]
[Site "online"]
[Date "2020.05.28"]
[Round "7.62"]
[White "Jayaprabu, Jaden"]
[Black "Cowan, James"]
[Result "0-1"]
[WhiteElo "1480"]
[BlackElo "1390"]
[PlyCount "100"]
[EventDate "2020.05.28"]
[WhiteTeam "Warwickshire Bears B"]
[BlackTeam "St Albans Early Knights 2"]

1. b4 e5 2. Bb2 Nc6 3. b5 Nd4 4. a4 d6 5. e3 Ne6 6. d4 exd4 7. exd4 Nf6 8. d5
Nc5 9. c4 Be7 10. Be2 O-O 11. Nf3 Nfe4 12. Qc2 Bf6 13. Nd4 Re8 14. O-O Bxd4 15.
Bxd4 Bf5 16. Bxc5 dxc5 17. Bd3 Qf6 18. Ra3 Nd6 19. Nd2 Bxd3 20. Rxd3 Re7 21.
Rh3 Qf5 22. Qb2 Re2 23. Rg3 g6 24. Re3 Nxc4 25. Qc3 Nxe3 26. fxe3 Qg5 27. g3
Qxe3+ 28. Qxe3 Rxe3 29. Kf2 Rae8 30. Nc4 Re2+ 31. Kg1 Re1 32. Rxe1 Rxe1+ 33.
Kf2 Ra1 34. a5 Ra4 35. d6 cxd6 36. Nxd6 Rxa5 37. Nxb7 Rxb5 38. Nd6 Rb8 39. Ke3
Kg7 40. Nc4 Kf6 41. Kd3 Ke6 42. Ke4 Rb4 43. Kd3 Rxc4 44. Kxc4 Kf5 45. Kxc5 Kg4
46. Kd5 Kh3 47. Kd6 Kxh2 48. Ke7 Kxg3 49. Kxf7 h5 50. Kxg6 h4 0-1

[Event "Junior Online 4NCL Division 3"]
[Site "online"]
[Date "2020.05.28"]
[Round "7.63"]
[White "Ravithas, Ashwin"]
[Black "Xia, Weiquan"]
[Result "1-0"]
[WhiteElo "1382"]
[BlackElo "1480"]
[PlyCount "165"]
[EventDate "2020.05.28"]
[WhiteTeam "St Albans Early Knights 2"]
[BlackTeam "Warwickshire Bears B"]

1. e4 Nc6 2. Nf3 d6 3. h3 Nf6 4. Nc3 e5 5. Bc4 g6 6. d3 Bg7 7. Bg5 Ne7 8. O-O
h6 9. Bxf6 Bxf6 10. Nd5 Nxd5 11. Bxd5 c6 12. Bb3 Qe7 13. d4 exd4 14. Nxd4 Bd7
15. c3 O-O-O 16. Re1 Bh4 17. Nf3 Bf6 18. Qe2 g5 19. e5 dxe5 20. Nxe5 Rde8 21.
Nxd7 Qxe2 22. Rxe2 Kxd7 23. Rd1+ Kc7 24. Rxe8 Rxe8 25. Bxf7 Re2 26. Rb1 Be5 27.
Bh5 Rd2 28. Kf1 Bd6 29. Bf3 Bc5 30. Ke1 Rxf2 31. b4 Bb6 32. c4 a6 33. c5 Rxa2
34. cxb6+ Kxb6 35. Kd1 Kb5 36. Be2+ Kb6 37. Ke1 Ra3 38. Kf2 Ra2 39. Kf3 Ra3+
40. Kg4 Re3 41. Bf3 Re6 42. Kf5 Rd6 43. Ke5 Rg6 44. Be4 Rg8 45. Kf6 g4 46. Bf5
gxh3 47. gxh3 Rg5 48. Re1 Kb5 49. Re4 Rg3 50. Rh4 Rb3 51. Bc8 Rf3+ 52. Kg6 Kb6
53. Rxh6 Rf8 54. Bg4 Rg8+ 55. Kf5 Rf8+ 56. Ke4 Re8+ 57. Kf3 Rf8+ 58. Kg3 Kb5
59. Rh4 Rg8 60. Kh2 Rd8 61. Rh7 Rd2+ 62. Kg3 Rd3+ 63. Kf4 Rd4+ 64. Ke5 Rd5+ 65.
Ke6 b6 66. Rh4 Rd4 67. Ke5 Rxb4 68. Be2+ Kc5 69. Rxb4 Kxb4 70. Bxa6 b5 71. h4
c5 72. h5 c4 73. Bb7 c3 74. Be4 Kb3 75. h6 c2 76. Bxc2+ Kxc2 77. h7 b4 78. h8=Q
b3 79. Qh2+ Kc3 80. Qg3+ Kb2 81. Kd4 Ka2 82. Qf2+ b2 83. Kc3 1-0

[Event "Junior Online 4NCL Division 3"]
[Site "online"]
[Date "2020.05.28"]
[Round "7.64"]
[White "Johal, Amrissa Kaur"]
[Black "Vayzert, Darya"]
[Result "1-0"]
[WhiteElo "1487"]
[BlackElo "1315"]
[PlyCount "149"]
[EventDate "2020.05.28"]
[WhiteTeam "Warwickshire Bears B"]
[BlackTeam "St Albans Early Knights 2"]

1. d4 d5 2. Nc3 Nf6 3. Bg5 Nc6 4. Bxf6 exf6 5. a3 Be6 6. Nf3 Bd6 7. e4 dxe4 8.
Nxe4 Be7 9. Nc3 Bg4 10. d5 Ne5 11. Be2 Nxf3+ 12. Bxf3 Bxf3 13. Qxf3 O-O 14. O-O
Bd6 15. Rfe1 Re8 16. Ne4 Be5 17. Nc3 Re7 18. Qd3 Qe8 19. g3 Bd6 20. Rxe7 Qxe7
21. Kf1 Re8 22. Qe2 Qxe2+ 23. Nxe2 g6 24. Re1 f5 25. Nc3 Rxe1+ 26. Kxe1 c6 27.
dxc6 bxc6 28. Ke2 Kg7 29. Kf3 Kf6 30. Ne2 Be5 31. b3 Bb2 32. a4 Ba3 33. Nd4 c5
34. Nb5 a6 35. Nxa3 Ke5 36. Nc4+ Kd4 37. h3 Kc3 38. Ne3 Kd4 39. g4 fxg4+ 40.
hxg4 Ke5 41. c3 f5 42. gxf5 gxf5 43. b4 cxb4 44. cxb4 f4 45. Ng4+ Kf5 46. b5
axb5 47. axb5 h5 48. Nh2 Ke5 49. b6 Kd6 50. Kxf4 Kc6 51. Kg5 Kxb6 52. Kxh5 Kc7
53. f4 Kd7 54. Kg6 Ke8 55. Kg7 Ke7 56. f5 Ke8 57. f6 Kd7 58. f7 Ke7 59. f8=Q+
Ke6 60. Qf7+ Ke5 61. Ng4+ Kd4 62. Ne3 Kxe3 63. Qh5 Kf4 64. Qe8 Kg4 65. Qe5 Kf3
66. Kg6 Kg4 67. Qf5+ Kg3 68. Qe4 Kf2 69. Qd3 Kg2 70. Qe3 Kf1 71. Kg5 Kg2 72.
Kg4 Kf1 73. Qd2 Kg1 74. Kg3 Kh1 75. Qg2# 1-0

[Event "Junior Online 4NCL Division 3"]
[Site "online"]
[Date "2020.05.28"]
[Round "7.65"]
[White "Kukreja, Karan"]
[Black "Shaporenkov, Robert"]
[Result "1/2-1/2"]
[WhiteElo "1540"]
[BlackElo "1427"]
[PlyCount "49"]
[EventDate "2020.05.28"]
[WhiteTeam "Warwickshire Bears B"]
[BlackTeam "St Albans Early Knights 2"]

1. d4 d6 2. Bf4 Nf6 3. e3 g6 4. Be2 Bg7 5. c3 Nbd7 6. h4 b6 7. Nf3 Bb7 8. Nbd2
O-O 9. O-O Re8 10. Rc1 e5 11. dxe5 dxe5 12. Bg3 Qe7 13. a3 Nh5 14. Bh2 Rad8 15.
Qc2 Nhf6 16. b4 c5 17. Rfd1 Nb8 18. Bxe5 Nc6 19. Bg3 Nh5 20. Bh2 Nf6 21. Nc4
Ne4 22. Nce5 Nxe5 23. Nxe5 Bxe5 24. Bf3 Bxh2+ 25. Kxh2 1/2-1/2

[Event "Junior Online 4NCL Division 3"]
[Site "online"]
[Date "2020.05.28"]
[Round "7.66"]
[White "Cowan, James"]
[Black "Jayaprabu, Jaden"]
[Result "0-1"]
[WhiteElo "1390"]
[BlackElo "1480"]
[PlyCount "84"]
[EventDate "2020.05.28"]
[WhiteTeam "St Albans Early Knights 2"]
[BlackTeam "Warwickshire Bears B"]

1. d4 d5 2. c4 c5 3. e3 dxc4 4. Bxc4 cxd4 5. exd4 Nc6 6. Nf3 e6 7. O-O Nf6 8.
Nc3 Bb4 9. a3 Ba5 10. b4 Bb6 11. Be3 Nd5 12. Nxd5 exd5 13. Bb3 O-O 14. Ne5 Re8
15. Nxc6 bxc6 16. Re1 Bf5 17. Rc1 Re6 18. Ba4 Qe8 19. Rc3 Rc8 20. Qc1 Rc7 21.
Bc2 Bxc2 22. Qxc2 Rce7 23. Rc1 Bxd4 24. Rxc6 Bxe3 25. Rxe6 Rxe6 26. fxe3 Rxe3
27. Rf1 Rxa3 28. h3 g6 29. Rc1 Qe3+ 30. Kh2 d4 31. Rd1 d3 32. Qb2 Ra6 33. Rc1
Re6 34. Qa1 d2 35. Rc3 Qe5+ 36. Kh1 Qe1+ 37. Qxe1 dxe1=Q+ 38. Kh2 Qe5+ 39. Rg3
Rb6 40. h4 Rxb4 41. h5 Rh4+ 42. Kg1 Qe1# 0-1

[Event "Junior Online 4NCL Division 3"]
[Site "online"]
[Date "2020.05.28"]
[Round "7.67"]
[White "Xia, Weiquan"]
[Black "Ravithas, Ashwin"]
[Result "0-1"]
[WhiteElo "1480"]
[BlackElo "1382"]
[PlyCount "66"]
[EventDate "2020.05.28"]
[WhiteTeam "Warwickshire Bears B"]
[BlackTeam "St Albans Early Knights 2"]

1. d4 d5 2. Bf4 Nc6 3. Nc3 Nf6 4. Nb5 e5 5. dxe5 a6 6. exf6 axb5 7. fxg7 Bxg7
8. e3 Bxb2 9. Rb1 Bc3+ 10. Ke2 b4 11. Qd3 b6 12. Kd1 Ba6 13. Qxa6 Rxa6 14. Bxa6
O-O 15. Ne2 d4 16. e4 d3 17. cxd3 Nb8 18. Bc4 c6 19. Kc2 b5 20. Bb3 Na6 21.
Nxc3 bxc3 22. a3 c5 23. Ba2 b4 24. a4 b3+ 25. Rxb3 Nb4+ 26. Kb1 Qxd3+ 27. Ka1
Nc2+ 28. Kb1 Na3+ 29. Ka1 Nc4 30. Rhb1 Qxe4 31. g3 Qd4 32. Rc1 c2+ 33. Rc3
Qxc3# 0-1

[Event "Junior Online 4NCL Division 3"]
[Site "online"]
[Date "2020.05.28"]
[Round "7.68"]
[White "Vayzert, Darya"]
[Black "Johal, Amrissa Kaur"]
[Result "0-1"]
[WhiteElo "1315"]
[BlackElo "1487"]
[PlyCount "116"]
[EventDate "2020.05.28"]
[WhiteTeam "St Albans Early Knights 2"]
[BlackTeam "Warwickshire Bears B"]

1. d4 d5 2. Nf3 Nc6 3. e3 Bg4 4. c4 e6 5. Nc3 a6 6. a3 Nf6 7. c5 Ne4 8. Be2
Nxc3 9. bxc3 Bxf3 10. Bxf3 e5 11. dxe5 Nxe5 12. Qxd5 Qxd5 13. Bxd5 c6 14. Be4
Bxc5 15. O-O O-O 16. a4 Rfe8 17. Rd1 Rad8 18. Bb2 h6 19. Rac1 Rxd1+ 20. Rxd1
Nc4 21. Bc1 Rxe4 22. Rd8+ Kh7 23. Rd7 Re7 24. Rxe7 Bxe7 25. Kf1 b5 26. Ke2 bxa4
27. Kd3 Ne5+ 28. Kc2 Kg6 29. f4 Ng4 30. h3 Nf6 31. Kb2 Kf5 32. g4+ Ke4 33. c4
g5 34. f5 Bc5 35. Kc2 Bxe3 36. Kd1 Bxc1 37. Kxc1 Kd4 38. Kc2 Kxc4 39. Kd2 h5
40. gxh5 Nxh5 41. Kc2 f6 42. Kd2 Kb3 43. Kc1 a3 44. Kb1 a2+ 45. Ka1 c5 46. h4
Ka4 47. hxg5 fxg5 48. Kxa2 g4 49. Kb2 g3 50. Kc2 g2 51. Kd2 g1=Q 52. Kd3 Qf2
53. Kc3 Qe3+ 54. Kb2 Qd3 55. f6 Nxf6 56. Kc1 Qe2 57. Kb1 Kb3 58. Ka1 Qa2# 0-1

[Event "Junior Online 4NCL Division 3"]
[Site "online"]
[Date "2020.05.28"]
[Round "7.71"]
[White "Ray, Hiya"]
[Black "Nasibova, Margarita"]
[Result "1-0"]
[WhiteElo "1823"]
[BlackElo "1450"]
[PlyCount "45"]
[EventDate "2020.05.28"]
[WhiteTeam "St John's College A"]
[BlackTeam "Warwickshire Bears C"]

1. d4 Nf6 2. Nf3 g6 3. c4 Bg7 4. g3 d6 5. Nc3 O-O 6. Bg2 Nbd7 7. O-O e5 8. e4
Re8 9. Be3 Qe7 10. d5 c6 11. Rc1 Nc5 12. Qc2 Bd7 13. b4 Na6 14. a3 b5 15. dxc6
Bxc6 16. cxb5 Bxe4 17. Nxe4 Nxe4 18. Qxe4 Nc7 19. Qc6 Ne6 20. Rfd1 Red8 21. b6
axb6 22. Bxb6 Rd7 23. Qxa8+ 1-0

[Event "Junior Online 4NCL Division 3"]
[Site "online"]
[Date "2020.05.28"]
[Round "7.72"]
[White "Chen, Olivia"]
[Black "Choudhury, Anish"]
[Result "1/2-1/2"]
[WhiteElo "1375"]
[BlackElo "1448"]
[PlyCount "131"]
[EventDate "2020.05.28"]
[WhiteTeam "Warwickshire Bears C"]
[BlackTeam "St John's College A"]

1. d4 d5 2. Nf3 c5 3. e3 Nc6 4. c3 Nf6 5. Bd3 Bg4 6. Nbd2 e6 7. O-O Qc7 8. h3
Bh5 9. Re1 Bd6 10. e4 cxd4 11. cxd4 dxe4 12. Nxe4 Nxe4 13. Bxe4 Rd8 14. Be3 f5
15. Bxc6+ Qxc6 16. Rc1 Qd5 17. Qa4+ b5 18. Qd1 Bxf3 19. Qxf3 Qxf3 20. gxf3 O-O
21. Bg5 Rde8 22. Rc6 Be7 23. Bxe7 Rxe7 24. Rcxe6 Rd7 25. Rd1 Kf7 26. Re5 Rfd8
27. Rxf5+ Ke6 28. Re5+ Kf6 29. Rxb5 Rxd4 30. Rxd4 Rxd4 31. Rb7 Ra4 32. a3 g5
33. Kg2 h5 34. Kg3 Kf5 35. Rf7+ Kg6 36. Rc7 Ra6 37. Rc2 Rb6 38. Re2 Kf5 39. b4
Rd6 40. Re7 a6 41. Rf7+ Kg6 42. Ra7 Kf5 43. a4 Rb6 44. Rf7+ Kg6 45. Ra7 Rxb4
46. Rxa6+ Kf5 47. Ra5+ Kg6 48. Ra8 Kf7 49. a5 Ra4 50. a6 Kg7 51. a7 Kh7 52. Kg2
Ra1 53. Kg3 Ra6 54. h4 gxh4+ 55. Kxh4 Ra4+ 56. Kxh5 Ra5+ 57. Kg4 Kg7 58. f4 Ra6
59. f5 Kf7 60. Rh8 Ra4+ 61. Kg5 Rxa7 62. Rh7+ Kg8 63. Rxa7 Kh8 64. f6 Kg8 65.
f7+ Kf8 66. Kg6 1/2-1/2

[Event "Junior Online 4NCL Division 3"]
[Site "online"]
[Date "2020.05.28"]
[Round "7.73"]
[White "Nukalapati, Sarthak"]
[Black "Vas, Ethan"]
[Result "1-0"]
[WhiteElo "1322"]
[BlackElo "1412"]
[PlyCount "63"]
[EventDate "2020.05.28"]
[WhiteTeam "St John's College A"]
[BlackTeam "Warwickshire Bears C"]

1. e4 e5 2. Nf3 Nc6 3. Nc3 Bc5 4. Nxe5 Nxe5 5. d4 Bxd4 6. Qxd4 Nc6 7. Qxg7 Qe7
8. Qxh8 d5 9. Qxg8+ Kd7 10. Qg4+ Kd8 11. Qf4 Nd4 12. Bd3 Ne6 13. Qd2 dxe4 14.
Bxe4+ Bd7 15. O-O c6 16. Bf5 Kc7 17. Re1 Rg8 18. Bxe6 fxe6 19. Qf4+ Kc8 20. Bd2
Qg7 21. Qg3 Qf7 22. Qd3 Qg7 23. Qf3 h6 24. Bf4 Qh7 25. Rac1 h5 26. h3 h4 27.
Qe4 Qg7 28. Be5 Qf7 29. Qxh4 Qg6 30. Bg3 Qf7 31. Qf4 Qh7 32. Qc7# 1-0

[Event "Junior Online 4NCL Division 3"]
[Site "online"]
[Date "2020.05.28"]
[Round "7.74"]
[White "Sastry, Shriya"]
[Black "Dantu, Sridatta"]
[Result "0-1"]
[WhiteElo "1322"]
[BlackElo "1368"]
[PlyCount "86"]
[EventDate "2020.05.28"]
[WhiteTeam "Warwickshire Bears C"]
[BlackTeam "St John's College A"]

1. e4 d5 2. exd5 Nf6 3. Nc3 Nxd5 4. Nxd5 Qxd5 5. d3 Nc6 6. Nf3 Bg4 7. Be2 O-O-O
8. Be3 e6 9. a3 Bc5 10. Qd2 h5 11. O-O-O Bxe3 12. fxe3 Qa2 13. Qc3 g6 14. d4
Qd5 15. Rhf1 Rhf8 16. h3 Bf5 17. Bd3 Bxd3 18. Qxd3 f6 19. Qxg6 Ne7 20. Qd3 Nf5
21. e4 Qc6 22. exf5 exf5 23. Qxf5+ Kb8 24. Qxh5 f5 25. Ne5 Qxg2 26. Rxf5 Rxf5
27. Qxf5 a6 28. Qg4 Qf2 29. Qf3 Qh4 30. Qg4 Qh6+ 31. Kb1 Qb6 32. h4 Ka7 33. d5
Re8 34. Nc4 Qf2 35. Qd4+ Qxd4 36. Rxd4 Re1+ 37. Ka2 Rh1 38. Kb3 b6 39. d6 cxd6
40. Nxd6 b5 41. Nf5 Rh3+ 42. Kb4 Kb6 43. c4 a5# 0-1

[Event "Junior Online 4NCL Division 3"]
[Site "online"]
[Date "2020.05.28"]
[Round "7.75"]
[White "Nasibova, Margarita"]
[Black "Ray, Hiya"]
[Result "0-1"]
[WhiteElo "1450"]
[BlackElo "1823"]
[PlyCount "58"]
[EventDate "2020.05.28"]
[WhiteTeam "Warwickshire Bears C"]
[BlackTeam "St John's College A"]

1. c4 Nf6 2. Nc3 g6 3. g3 Bg7 4. Bg2 c5 5. e4 Nc6 6. d3 d6 7. h3 O-O 8. Nge2 a6
9. O-O Nd7 10. Kh2 e6 11. f4 Qe7 12. g4 b6 13. Ng3 Bb7 14. f5 Be5 15. Bf4 Rae8
16. Qf3 Nd4 17. Qf2 Qh4 18. Rad1 exf5 19. exf5 Nf6 20. Kg1 Bxg2 21. Qxg2 Bxf4
22. Rxf4 Re3 23. Kh2 g5 24. Nh5 Nxh5 25. gxh5 Qxf4+ 26. Kh1 Qh4 27. Kh2 Nf3+
28. Kh1 Re1+ 29. Rxe1 Qxe1+ 0-1

[Event "Junior Online 4NCL Division 3"]
[Site "online"]
[Date "2020.05.28"]
[Round "7.76"]
[White "Choudhury, Anish"]
[Black "Chen, Olivia"]
[Result "0-1"]
[WhiteElo "1448"]
[BlackElo "1375"]
[PlyCount "58"]
[EventDate "2020.05.28"]
[WhiteTeam "St John's College A"]
[BlackTeam "Warwickshire Bears C"]

1. e4 e6 2. d4 d5 3. e5 c5 4. c3 Nc6 5. Nf3 Bd7 6. Be3 f6 7. dxc5 fxe5 8. Bb5
e4 9. Nd4 Bxc5 10. Nxe6 Bxe3 11. Nxd8 Bxf2+ 12. Kxf2 Rxd8 13. Rf1 Nf6 14. Nd2
Ng4+ 15. Kg1 Ne3 16. Qh5+ g6 17. Qg5 Nxf1 18. Rxf1 Bf5 19. Bxc6+ bxc6 20. Nb3
O-O 21. Nd4 Bd7 22. Rxf8+ Rxf8 23. Qe7 Rf7 24. Qd8+ Kg7 25. Qa5 Bg4 26. Nxc6 e3
27. Qxd5 e2 28. Qe5+ Kg8 29. Nd4 Rf1# 0-1

[Event "Junior Online 4NCL Division 3"]
[Site "online"]
[Date "2020.05.28"]
[Round "7.77"]
[White "Vas, Ethan"]
[Black "Nukalapati, Sarthak"]
[Result "0-1"]
[WhiteElo "1412"]
[BlackElo "1322"]
[PlyCount "66"]
[EventDate "2020.05.28"]
[WhiteTeam "Warwickshire Bears C"]
[BlackTeam "St John's College A"]

1. c4 Nf6 2. Nc3 e5 3. g3 c6 4. Bg2 d5 5. cxd5 cxd5 6. d3 Bb4 7. Bd2 O-O 8. e3
d4 9. Nce2 Qa5 10. Nf3 dxe3 11. fxe3 Bxd2+ 12. Nxd2 Nc6 13. O-O Nd5 14. Nc4 Qd8
15. Nd2 Nxe3 16. Qb3 Nxf1 17. Rxf1 Nd4 18. Nxd4 Qxd4+ 19. Kh1 Qe3 20. Nc4 Qc5
21. Nd2 Qe3 22. Ne4 Be6 23. Qd1 Rad8 24. Rf3 Bg4 25. Qf1 Bxf3 26. Bxf3 Rxd3 27.
Bg2 Rfd8 28. Nf2 Rd2 29. Ng4 Qd4 30. Bf3 e4 31. Nf2 Rxf2 32. Qxf2 Qxf2 33. Bxe4
Rd1# 0-1

[Event "Junior Online 4NCL Division 3"]
[Site "online"]
[Date "2020.05.28"]
[Round "7.78"]
[White "Dantu, Sridatta"]
[Black "Sastry, Shriya"]
[Result "1-0"]
[WhiteElo "1368"]
[BlackElo "1322"]
[PlyCount "37"]
[EventDate "2020.05.28"]
[WhiteTeam "St John's College A"]
[BlackTeam "Warwickshire Bears C"]

1. e4 e5 2. Nf3 Nc6 3. Bc4 Bc5 4. c3 Nf6 5. d4 exd4 6. cxd4 Bb4+ 7. Bd2 Nxe4 8.
Bxb4 Nxb4 9. Qe2 Qe7 10. O-O O-O 11. Re1 Re8 12. Nc3 Nxc3 13. bxc3 Nc2 14. Qxe7
Rxe7 15. Rxe7 Kf8 16. Rxf7+ Kg8 17. Rd1 Na3 18. Rf5+ Kh8 19. Rf8# 1-0

[Event "Junior Online 4NCL Division 3"]
[Site "online"]
[Date "2020.05.28"]
[Round "7.81"]
[White "Southcott-Moyers, Indy"]
[Black "Nguyen, Ryan"]
[Result "1/2-1/2"]
[WhiteElo "1487"]
[BlackElo "1517"]
[PlyCount "103"]
[EventDate "2020.05.28"]
[WhiteTeam "Stroud Cubs"]
[BlackTeam "Dulwich College Junior A"]

1. d4 Nf6 2. c4 e6 3. Nc3 Bb4 4. Qc2 O-O 5. e3 b6 6. Nf3 Bb7 7. Bd3 d6 8. Bd2
Bxc3 9. Bxc3 Nbd7 10. O-O c5 11. Ng5 h6 12. Ne4 d5 13. Nxf6+ Nxf6 14. dxc5 bxc5
15. cxd5 Bxd5 16. e4 Bb7 17. f3 Qb6 18. Kh1 Rac8 19. b3 Rfd8 20. Rfd1 Ba6 21.
Bxa6 Rxd1+ 22. Rxd1 Qxa6 23. Qb2 Ne8 24. h3 c4 25. Be5 cxb3 26. axb3 Qb5 27.
Bd4 Qb7 28. Ra1 Ra8 29. Ra4 a6 30. Ra1 Rb8 31. Rb1 Rc8 32. b4 Rb8 33. Qa1 f6
34. Qa2 Kf7 35. Qb2 Nd6 36. Bc5 Qc7 37. Qd4 Nb5 38. Qe3 Rc8 39. Ra1 Qb7 40. Qb3
Rb8 41. Qa2 Ra8 42. Qd2 Rc8 43. Rd1 Qc7 44. Qd7+ Qxd7 45. Rxd7+ Kg6 46. Rd1 e5
47. Ra1 Rc6 48. Kh2 Nc7 49. Rb1 Nb5 50. Ra1 Nc7 51. Rb1 Nb5 52. Ra1 1/2-1/2

[Event "Junior Online 4NCL Division 3"]
[Site "online"]
[Date "2020.05.28"]
[Round "7.82"]
[White "Avril, Aaran"]
[Black "Carey, Alex"]
[Result "0-1"]
[WhiteElo "1375"]
[BlackElo "1442"]
[PlyCount "32"]
[EventDate "2020.05.28"]
[WhiteTeam "Dulwich College Junior A"]
[BlackTeam "Stroud Cubs"]

1. e4 c5 2. Nf3 Nc6 3. Bb5 d6 4. d4 cxd4 5. Nxd4 Bd7 6. O-O Nf6 7. Nc3 g6 8. f3
Bg7 9. Be3 O-O 10. Qd2 Rc8 11. Bh6 Bxh6 12. Qxh6 Nxd4 13. Bxd7 Nxd7 14. Qd2 Qb6
15. Rad1 Nxf3+ 16. Kh1 Nxd2 0-1